| 000 | 00622nam a2200253Ia 4500 | ||
|---|---|---|---|
| 005 | 20250425162225.0 | ||
| 008 | 250425s9999 xx 000 0 und d | ||
| 020 | _a087304184 | ||
| 041 | _aeng | ||
| 082 | _a658.1554 | ||
| 100 | _aSTEWART, G. BENNETT | ||
| 245 | 0 | _aTHE QUEST FOR VALUE: A GUIDE FOR SENIOR MANAGERS | |
| 250 | _aS.E. | ||
| 260 |
_aEstados Unidos _bHARPER BUSINESS _c1991 |
||
| 260 | _aS.L. | ||
| 300 | _a781 | ||
| 500 | _aSTEWART, G. BENNETT, III | ||
| 650 | _aGANANCIAS | ||
| 650 | _aRENTABILIDAD | ||
| 650 | _aVALUACION | ||
| 710 | _aHARPER BUSINESS | ||
| 942 | _c01 | ||
| 010 | _a57821 | ||
| 999 |
_c224848 _d224848 |
||